000 00782cab a2200241 4500
001 WB3439-40
008 090401t1998 xxu||||| |||| 00| 0 eng d
035 _a(Sirsi) u88972
041 _aeng
245 _aBid to ditch marriage value
260 _c1998
350 _a0
490 _aProperty Week
_v63(24) 9 October 1998, 18(1)
520 _aThe Leasehold Enfranchisement Association is campaigning to abolish marriage value, while the British Property Federation is bidding for it to remain at its current level of 50/50.
650 _aBPF
650 _aLEASEHOLD ENFRANCHISEMENT ASSOCIATION
650 _aLEASEHOLD ENFRANCHISEMENT
650 _aMARRIAGE VALUE
650 _aValuation
_96273
690 _aRATING AND VALUATION
942 _n0
948 _c14/10/1998
999 _c56256
_d56256